Structure, Function And Ecology Of Stomata (Record no. 592105)

MARC details
000 -LEADER
fixed length control field 00467nam a22001697a 4500
008 - FIXED-LENGTH DATA ELEMENTS--GENERAL INFORMATION
fixed length control field 251017b |||||||| |||| 00| 0 eng d
020 ## - INTERNATIONAL STANDARD BOOK NUMBER
Paper back/Hardbound hbk
041 ## - LANGUAGE CODE
Language code of text/sound track or separate title eng
082 ## - DEWEY DECIMAL CLASSIFICATION NUMBER
Classification number 581.10427
Item number SEN
100 ## - MAIN ENTRY--AUTHOR NAME
Personal name Sen,d.n
245 ## - TITLE STATEMENT
Title Structure, Function And Ecology Of Stomata
Statement of responsibility, etc D.N. Sen , D.D. Chawan , R.P. BANSAL
250 ## - EDITION STATEMENT
Edition statement 1st
260 ## - PUBLICATION, DISTRIBUTION, ETC. (IMPRINT)
Place of publication Dehra Dun
Name of publisher M/s Bishen Singh Mahendra Pal Singh
Year of publication 1979
650 ## - SUBJECT ADDED ENTRY--TOPICAL TERM
Topical Term Botany
942 ## - ADDED ENTRY ELEMENTS (KOHA)
Koha item type Reference
Holdings
Withdrawn status Lost status Damaged status Not for loan Home library Current library Shelving location Date acquired Full call number Accession Number Price effective from Koha item type
        Anna Centenary Library Anna Centenary Library 5TH FLOOR, B WING 17.10.2025 581.10427 SEN 124945 17.10.2025 Reference

Find us on the map